| 000 -ლიდერი |
| ფიქსირებული სიგრძის საკონტროლო ველი |
01965nam a2200289Ia 4500 |
| 001 - საკონტროლო ნომერი |
| საკონტროლო ველი |
3484 |
| 003 - საკონტროლო ნომრის იდენტიფიკატორი |
| საკონტროლო ველი |
GE_BSU |
| 005 - ბოლო ოპერაციის თარიღი და დრო |
| საკონტროლო ველი |
20190620183953.0 |
| 008 - ფიქსირებული სიგრძის მონაცემთა ელემენტები - ზოგადი ინფორმაცია |
| ფიქსირებული სიგრძის საკონტროლო ველი |
181216s2009||||ge |||||||||||||| ||geo|| |
| 020 ## - წიგნის საერთაშორისო სტანდარტული ნომერი |
| International Standard Book Number |
9789941015601 |
| 040 ## - კატალოგიზაციის წყარო |
| Transcribing agency |
GE_BSU |
| 041 ## - ენის კოდი |
| Language code of text/sound track or separate title |
geo |
| 080 ## - უნივერსალური ათობითი კლასიფიკაციის ინდექსი |
| Universal Decimal Classification number |
321.7+341.231.14(072) ც–98 |
| 245 ## - ცნობა სათაურის შესახებ |
| Title |
ცხოვრება დემოკრატიულ საზოგადოებაში : სწავლება დემოკრატიული მოქალაქეობისა და ადამიანის უფლებათა შესახებ-საგაკვეთილო გეგმები ზოგადსაგანმანათლებლო სკოლის საბაზო საფეხურისათვის / |
| Statement of responsibility, etc |
ავტ.: როლფ გოლობი, ტედ ჰუდლესტონი, პიტერ კრაფი და სხვ.; ილ. პიტერ ვისკემანი ; მთარგმნ. მაია ჩანქსელიანი ; რედ. ნათია ნაცვლიშვილი. |
| 250 ## - გამოცემის ცნობა |
| Edition statement |
პირველი ქართ გამოც. |
| 264 ## - წარმოების, გამოცემის, დისტრიბუციის და სხვა ცნობები |
| გამოცემის, წარმოების, დისტრიბუციის... ადგილი |
თბილისი : |
| გამოცემის, წარმოების, დისტრიბუციის... თარიღი |
2009. |
| 300 ## - ფიზიკური აღწერა |
| Extent |
177 გვ.; |
| Other physical details |
29 სმ. |
| 653 ## - INDEX TERM--UNCONTROLLED |
| Uncontrolled term |
დემოკრატია |
| 653 ## - INDEX TERM--UNCONTROLLED |
| Uncontrolled term |
ადამიანის უფლებები |
| 700 ## - ADDED ENTRY--PERSONAL NAME |
| Personal name |
გოლობი, როლფ |
| Relator term |
ავტორი |
| 9 (RLIN) |
2685 |
| 700 ## - ADDED ENTRY--PERSONAL NAME |
| Personal name |
ჰუდლესტონი, ტედ |
| Relator term |
ავტორი |
| 9 (RLIN) |
2686 |
| 700 ## - ADDED ENTRY--PERSONAL NAME |
| Personal name |
კრაფი, პიტერ და სხვ. |
| Relator term |
ავტორი |
| 9 (RLIN) |
2687 |
| 700 ## - ADDED ENTRY--PERSONAL NAME |
| Personal name |
ჩანქსელიანი, მაია |
| Relator term |
მთარგმნელი |
| 9 (RLIN) |
2570 |
| 700 ## - ADDED ENTRY--PERSONAL NAME |
| Personal name |
ნაცვლიშვილი, ნათია |
| Relator term |
რედაქტორი |
| 9 (RLIN) |
890 |
| 700 ## - ADDED ENTRY--PERSONAL NAME |
| Personal name |
ვისკემანი, პეტი |
| Relator term |
მხატვარი |
| 9 (RLIN) |
2633 |
| 942 ## - ADDED ENTRY ELEMENTS (KOHA) |
| Koha item type |
წიგნი |
| Source of classification or shelving scheme |
|